| 000 | 00538nam a2200157 i 4500 | ||
|---|---|---|---|
| 001 | 149833 | ||
| 003 | ES-MaACL | ||
| 005 | 20230906203258.0 | ||
| 007 | t| | ||
| 008 | 071024s1923 sp ||||1| spa d | ||
| 100 | 1 |
_aValls i Taberner, Ferran. _9112942 |
|
| 245 | 1 | 4 |
_aLos privilegios de Alfonso X a la ciudad de Murcia _b: discurso... leído en la... apertura del curso... de 1923 a 1924 ante el claustro de la Universidad de Murcia. |
| 260 |
_aBarcelona : _bCasals, _c1923. |
||
| 300 |
_a82 p. ; _c4º. |
||
| 852 |
_aES-MaACL _j1664-F-7 |
||
| 999 |
_c149833 _d149833 |
||